RICS Regulatory Framework (Record no. 121675)

MARC details
000 -LEADER
fixed length control field 01029nmm a2200193zu 4500
008 - FIXED-LENGTH DATA ELEMENTS--GENERAL INFORMATION
fixed length control field 231009s2022 xxk|||||o|||| 00| 0 eng d
041 ## - LANGUAGE CODE
Language code of text/sound track or separate title eng
110 ## - MAIN ENTRY--CORPORATE NAME
Corporate author Royal Institution of Chartered Surveyors
245 ## - TITLE STATEMENT
Title RICS Regulatory Framework
Medium [Electronic resource]
260 ## - PUBLICATION INFORMATION
Place of publication London,
Publisher Royal Institution of Chartered Surveyors,
Date October 2022
300 ## - PHYSICAL DESCRIPTION
Physical description 27p.
490 ## - SERIES TITLE
Series statement RICS Regulation
520 ## - ABSTRACT
Abstract An Agreement created to implement the recommendations and intention of the Bichard RICS Review (the Review) as approved by the Council on 15 June 2022 to ensure greater independence, transparency and autonomy of regulation. Alongside the RICS Bye laws, Regulations and Terms of Reference, it is a document which sets out the SRB's responsibilities
651 ## - SUBJECT ADDED ENTRY--GEOGRAPHIC NAME
Geographic name United Kingdom
690 ## - BROAD SUBJECT
9 (RLIN) 6277
Broad subject RICS
710 ## - ADDED CORPORATE NAME
Added corporate author Royal Institution of Chartered Surveyors
856 ## - ONLINE RESOURCE
Uniform Resource Identifier <a href="https://www.rics.org/content/dam/ricsglobal/documents/about-rics/RICS_RegulatoryFrameworkDocument.pdf">https://www.rics.org/content/dam/ricsglobal/documents/about-rics/RICS_RegulatoryFrameworkDocument.pdf</a>
Public note Available free on RICS.org
942 ## - ADDED ENTRY ELEMENTS (KOHA)
Suppress in OPAC Do not suppress in OPAC
Holdings
Lost status Damaged status Not for loan Current library Shelving location Date acquired Total Checkouts Full call number Date last seen Price effective from Koha item type
      Virtual Online 09/10/2023   ONLINE PUBLICATION 09/10/2023 09/10/2023 Online material